Selected writings of Justice H.R. Khanna / (Record no. 510978)
[ view plain ]
| 000 -LEADER | |
|---|---|
| fixed length control field | 01276cam a2200373 i 4500 |
| 001 - CONTROL NUMBER | |
| control field | 18036997 |
| 005 - DATE AND TIME OF LATEST TRANSACTION | |
| control field | 20190905092839.0 |
| 008 - FIXED-LENGTH DATA ELEMENTS--GENERAL INFORMATION | |
| fixed length control field | 130823s2013 ii b 000 0 eng d |
| 010 ## - LIBRARY OF CONGRESS CONTROL NUMBER | |
| LC control number | 2013413372 |
| 016 7# - NATIONAL BIBLIOGRAPHIC AGENCY CONTROL NUMBER | |
| Record control number | 016496286 |
| Source | Uk |
| 020 ## - INTERNATIONAL STANDARD BOOK NUMBER | |
| International Standard Book Number | 9789350353493 |
| 020 ## - INTERNATIONAL STANDARD BOOK NUMBER | |
| International Standard Book Number | 9350353490 |
| 025 ## - OVERSEAS ACQUISITION NUMBER | |
| Overseas acquisition number | I-E-2013-413372; 71-90 |
| 035 ## - SYSTEM CONTROL NUMBER | |
| System control number | (OCoLC)ocn857550104 |
| 035 ## - SYSTEM CONTROL NUMBER | |
| System control number | (OCoLC)857550104 |
| 037 ## - SOURCE OF ACQUISITION | |
| Stock number | Library of Congress -- New Delhi Overseas Office |
| 040 ## - CATALOGING SOURCE | |
| Original cataloging agency | DKAGE |
| Language of cataloging | eng |
| Description conventions | rda |
| Transcribing agency | DKAGE |
| Modifying agency | UKMGB |
| -- | NDL |
| -- | DLC |
| Description conventions | rda |
| 042 ## - AUTHENTICATION CODE | |
| Authentication code | lccopycat |
| -- | lcode |
| 043 ## - GEOGRAPHIC AREA CODE | |
| Geographic area code | a-ii--- |
| 050 00 - LIBRARY OF CONGRESS CALL NUMBER | |
| Classification number | KNS1750 |
| Item number | .K478 2013 |
| 082 04 - DEWEY DECIMAL CLASSIFICATION NUMBER | |
| Classification number | 342.54 |
| Edition number | 23 |
| 100 1# - MAIN ENTRY--PERSONAL NAME | |
| Personal name | Khanna, H. R. |
| Fuller form of name | (Hans Raj), |
| Dates associated with a name | 1912-2008, |
| Relator term | author. |
| 9 (RLIN) | 9851 |
| 240 10 - UNIFORM TITLE | |
| Uniform title | Works. |
| Form subheading | Selections |
| 245 10 - TITLE STATEMENT | |
| Title | Selected writings of Justice H.R. Khanna / |
| Statement of responsibility, etc | edited by Lokendra Malik. |
| 300 ## - PHYSICAL DESCRIPTION | |
| Extent | xxxiii, 310 pages ; |
| Dimensions | 25 cm |
| 504 ## - BIBLIOGRAPHY, ETC. NOTE | |
| Bibliography, etc | Includes bibliographical references. |
| 600 10 - SUBJECT ADDED ENTRY--PERSONAL NAME | |
| Personal name | Khanna, H. R. |
| Fuller form of name | (Hans Raj), |
| Dates associated with a name | 1912-2008. |
| 9 (RLIN) | 9851 |
| 650 #0 - SUBJECT ADDED ENTRY--TOPICAL TERM | |
| Topical term or geographic name as entry element | Constitutional law |
| Geographic subdivision | India. |
| 9 (RLIN) | 9852 |
| 650 #0 - SUBJECT ADDED ENTRY--TOPICAL TERM | |
| Topical term or geographic name as entry element | Civil rights |
| Geographic subdivision | India. |
| 9 (RLIN) | 9853 |
| 650 #0 - SUBJECT ADDED ENTRY--TOPICAL TERM | |
| Topical term or geographic name as entry element | Judicial power |
| Geographic subdivision | India. |
| 9 (RLIN) | 9854 |
| 700 1# - ADDED ENTRY--PERSONAL NAME | |
| Personal name | Malik, Lokendra, |
| Relator term | editor. |
| 9 (RLIN) | 9855 |
| 906 ## - LOCAL DATA ELEMENT F, LDF (RLIN) | |
| a | 7 |
| b | cbc |
| c | copycat |
| d | 2 |
| e | ncip |
| f | 20 |
| g | y-gencatlg |
| 955 ## - COPY-LEVEL INFORMATION (RLIN) | |
| Classification number, CCAL (RLIN) | wd43 2014-02-08 |
| Copy information and material description, CCAL + MDES (RLIN) | wd33 2014-03-08 to LAW |
No items available.
